| 000 | 00644nam a2200229Ia 4500 | ||
|---|---|---|---|
| 003 | OSt | ||
| 005 | 20230607091106.0 | ||
| 008 | 210423s2012 xx 000 0 und d | ||
| 020 | _a9789381052532 | ||
| 040 | _cAL | ||
| 041 | _aeng | ||
| 082 | _a361.3 SIRS | ||
| 100 |
_aSIROHI (Anand) _9120937 |
||
| 245 | _aSocial work: welfare plans and projects for social groups | ||
| 260 |
_aNew Delhi _bWisdom Education _c2012 |
||
| 300 |
_a448 _bHB |
||
| 365 |
_b1595 _cINR |
||
| 650 |
_aSocial Problems & Services _9120938 |
||
| 650 |
_aSocial Work _9120939 |
||
| 906 | _agroups ; plans ; projects ; Social ; welfare ; work: | ||
| 942 |
_2ddc _cBK |
||
| 999 |
_c176086 _d176086 |
||